|
|
|
|
| LEADER |
00000nam0a2200000 4500 |
| 001 |
243800 |
| 005 |
20231101232010.0 |
| 020 |
|
|
|a RU
|b 80-48542
|
| 035 |
|
|
|a (RuTPU)RU\TPU\book\265153
|
| 090 |
|
|
|a 243800
|
| 100 |
|
|
|a 20131007d1989 k a0rusy5003 ca
|
| 101 |
0 |
|
|a rus
|
| 102 |
|
|
|a RU
|
| 105 |
|
|
|a a z 001zy
|
| 200 |
1 |
|
|a Неравновесные течения газа с физико-химическими превращениями
|e сборник статей
|f Московский государственный университет им. М. В. Ломоносова (МГУ) ; под ред. Г. Г. Черного, В. А. Левина
|
| 210 |
|
|
|a Москва
|c Изд-во МГУ
|d 1989
|
| 215 |
|
|
|a 69 с.
|c ил.
|d 26 см.
|
| 606 |
1 |
|
|a Неравновесные процессы в газах
|2 stltpush
|3 (RuTPU)RU\TPU\subj\45506
|9 64705
|
| 610 |
1 |
|
|a физико-химические превращения
|
| 610 |
1 |
|
|a пары
|
| 610 |
1 |
|
|a охлаждение
|
| 610 |
1 |
|
|a численное моделирование
|
| 610 |
1 |
|
|a излучения
|
| 610 |
1 |
|
|a генерация
|
| 675 |
|
|
|a 533.6.011.8
|z rus
|
| 702 |
|
1 |
|a Черный
|b Г. Г.
|4 340
|
| 702 |
|
1 |
|a Левин
|b В. А.
|4 340
|
| 712 |
0 |
2 |
|a Московский государственный университет им. М. В. Ломоносова (МГУ)
|2 stltpush
|3 (RuTPU)RU\TPU\col\7
|
| 801 |
|
0 |
|a RU
|b RuMRKP
|c 19950704
|g psbo
|
| 801 |
|
1 |
|a RU
|b 63413507
|c 20131007
|
| 801 |
|
2 |
|a RU
|b 63413507
|c 20131016
|g RCR
|
| 942 |
|
|
|c BK
|